1962 1844 1303 1426 1825 1677 1448 1602 1106 1526 1834 1433 1817 1451 1690 1660 1401 1682 1434 1588 1304 1252 1161 1486 1467 1532 1586 1365 1711 1652 1121 1051 1815 1228 1842 1507 1079 1898 1614 1508 1396 1382 1005 1385 1564 1117 1348 1209 1903 1411 1252 1890 1679 1572 1171 1374 1120 1551 1504 1843 1974 1754 1128 1484 1399 1774 1815 1984 1451 1786 1636 1190 1918 1883 1677 1489 1686 1972 1204 1845 1351 1255 1282 1660 1794 1355 1606 1186 1286 1945 1796 1614 1676 1295 1040 1484 1759 1559 1979 BCNSPRNW ULIB Ver.6.0+V

เปลี่ยนเป็นภาษาไทย

Change to English
 แสดงรายละเอียดบรรณานุกรม
  กลับหน้าหลัก

Brief Record : Get Marc (ISO 2709) : E-mail record : QR code < ปิดหน้าต่าง
LEADER : 00000nam 2200000uu 4500
001    13399127465
003     ULIB
008    200602s2017||||th 000 0 tha d
020    ^a9781506256382 (pbk.)
050  4 ^aPE1128^bL887Be
100 1  ^aLougheed, Lin,^d1946-
245 10 ^aBarron s essential words for the IELTS /^cLin Lougheed
246 30 ^aEssential words for the IELTS
250    ^a3rd ed.
260    ^aHauppauge, N.Y. :^bBarron s Educational Series,^c2017
300    ^a379 p. :^bill. ;^c23 cm. +^e1 CD-ROM
650  0 ^aInternational English Language Testing System^vStudyguides
650  0 ^aEnglish language^vTextbooks for foreign speakers
650  0 ^aEnglish language^xExaminations^vStudy guides
650  0 ^aVocabulary^xExaminations^vStudy guides
653    ^aIELTS
945    ^p0^l0^i28371
999    ^aกัณชพร จุลอักษร
รายการนี้ยังไม่มีแท็ก
คุณยังไม่ได้ล็อกอิน คุณสามารถมีกิจกรรมร่วมกับเว็บไซต์ได้ แต่ต้องล็อกอินก่อน ::
  ล็อกอิน

รายการสื่อสารสนเทศ

ลำดับที่ ประเภท เลขเรียก/บาร์โค้ด สถานที่ สถานะ
1. หนังสือสำรอง
หนังสือสำรอง
PE1128 L887Be ฉ.1 
  Barcode: 28371
ห้องสมุดวิทยาเขตนครสวรรค์
►หนังสือทั่วไป:l:General Books
บนชั้น

BibComment


ยังไม่เคยถูกคอมเมนท์

คอมเมนท์ทรัพยากรรายการนี้
  คอมเมนท์: Barron s essenti..


 Copyright 2026. Bcnsprnw @Library